000 00306pam a2200121 a 4500
020 _a0-245-54214-0
_c
041 _h
082 _a005.36
_bHIL
100 _aHILTON A.,
245 _a101 PUZZLES TO SOLVE ON YOUR MICROCOMPUTER
_hTextual Documents
260 _aLONDON
_bHARRAP LIMITED
_c1984
930 _a10474
999 _c129919
_d129919